Southville International School and Colleges
Your cart is empty.
  • Cart
  • Lists
    Public lists Eva Luna New books Lux_list list_1
    Your lists Log in to create your own lists
  • Log in to your account
  • Your cookies
  • Search history
Southville International School and Colleges
  • Advanced search
  • Recent comments
  • Most popular
  • Libraries

Log in to your account

Log in with GOOGLE


If you do not have an external account, but do have a local account, you can still log in:

  1. Home
  2. MARC view: Mao Zedong /
Normal view MARC view ISBD view

Mao Zedong / (Record no. 47402)

[ view plain ]
MARC details
000 -LEADER
fixed length control field 01050cam a2200325 a 4500
001 - CONTROL NUMBER
control field 15871839
003 - CONTROL NUMBER IDENTIFIER
control field ost
005 - DATE AND TIME OF LATEST TRANSACTION
control field 20140315084854.0
008 - FIXED-LENGTH DATA ELEMENTS--GENERAL INFORMATION
fixed length control field 090818s2010 nyuab j b 001 0beng
010 ## - LIBRARY OF CONGRESS CONTROL NUMBER
LC control number 2009034157
020 ## - INTERNATIONAL STANDARD BOOK NUMBER
International Standard Book Number 9780531207567
020 ## - INTERNATIONAL STANDARD BOOK NUMBER
International Standard Book Number 0531223566
040 ## - CATALOGING SOURCE
Original cataloging agency DLC
Transcribing agency DLC
Modifying agency DLC
043 ## - GEOGRAPHIC AREA CODE
Geographic area code a-cc---
050 00 - LIBRARY OF CONGRESS CALL NUMBER
Classification number DS 778.M3
Item number .H625 2010
100 1# - MAIN ENTRY--PERSONAL NAME
Personal name Heuston, Kimberley Burton.
Dates associated with a name 1960-
9 (RLIN) 24782
245 10 - TITLE STATEMENT
Title Mao Zedong /
Statement of responsibility, etc Kimberley Heuston.
260 ## - PUBLICATION, DISTRIBUTION, ETC. (IMPRINT)
Place of publication, distribution, etc New York :
Name of publisher, distributor, etc Scholastic Inc.,
Date of publication, distribution, etc 2010.
300 ## - PHYSICAL DESCRIPTION
Extent 128 p. :
Other physical details ill. ;
Dimensions 18 cm.
490 0# - SERIES STATEMENT
Series statement A wicked history, 20th century
521 ## - TARGET AUDIENCE NOTE
Target audience note
526 ## - STUDY PROGRAM INFORMATION NOTE
Reading level 980
600 10 - SUBJECT ADDED ENTRY--PERSONAL NAME
Personal name Mao, Zedong,
Dates associated with a name 1893-1976
Form subdivision Juvenile literature.
9 (RLIN) 24783
650 #0 - SUBJECT ADDED ENTRY--TOPICAL TERM
Topical term or geographic name as entry element Heads of state
Geographic subdivision China
Form subdivision Biography
-- Juvenile literature.
9 (RLIN) 24784
650 #0 - SUBJECT ADDED ENTRY--TOPICAL TERM
Topical term or geographic name as entry element Mao, Zedong, 1893-1976
General subdivision Juvenile literaturel
9 (RLIN) 30222
906 ## - LOCAL DATA ELEMENT F, LDF (RLIN)
a 7
b cbc
c orignew
d 1
e ecip
f 20
g y-gencatlg
942 ## - ADDED ENTRY ELEMENTS (KOHA)
Source of classification or shelving scheme Library of Congress Classification
Koha item type Books
Holdings
Withdrawn status Lost status Source of classification or shelving scheme Damaged status Home library Current library Shelving location Date acquired Total Checkouts Full call number Barcode Date last seen Copy number Price effective from Koha item type
    Library of Congress Classification   Munich Library Munich Library Scholastic Reading Center Section 03/15/2014   DS 778.M3 .H625 2010 MS1081 03/15/2014 1 03/15/2014 Books

Mao Zedong /

APA

Heuston K. B., . (2010). Mao Zedong. New York: Scholastic Inc.

Chicago

Heuston Kimberley Burton, . 2010. Mao Zedong. New York: Scholastic Inc.

Harvard

Heuston K. B., . (2010). Mao Zedong. New York: Scholastic Inc.

MLA

Heuston Kimberley Burton, . Mao Zedong. New York: Scholastic Inc. 2010.

  • Place hold
  • Print
  • Cite
  • Add to your cart (remove)
  • Save record
    BIBTEX Dublin Core MARCXML MARC (non-Unicode/MARC-8) MARC (Unicode/UTF-8) MARC (Unicode/UTF-8, Standard) MODS (XML) RIS
  • More searches
    Search for this title in:
    Other Libraries (WorldCat) Other Databases (Google Scholar) Online Stores (Bookfinder.com) Open Library (openlibrary.org)

Exporting to Dublin Core...

SOUTHVILLE LIBRARY

Southville International School and Colleges Library

1281 Tropical Ave. Cor. Luxembourg St., BF Homes International, Las Pinas City

Tel. No. 8256374 / 252358 Loc. 117/146

Powered by Koha